000 00395nam a2200157Ia 4500
003 Ost
005 20260225132539.0
008 260225s9999||||xx |||||||||||||| ||und||
040 _cfsic
041 _afre
082 _a305.242
100 _aGay pervillée
_eAuteur
245 0 _aLes étudiants algériens de l'université Française 1880-1962 /
245 0 _cGay pervillée
942 _cكتاب
999 _c33369
_d33369